000 00675nam a2200241Ia 4500
003 OSt
005 20220918173150.0
006 a|||||r|||| 00| 0
007 ta
008 220917b |||||||| |||| 00| 0 eng d
024 _a5,441
037 _cTextual
040 _aARTS
_cARTS
_beng
041 _2eng
_aeng
082 _a2:8, L3 (2)
100 _aWright Alice E.
_945171
245 0 _aLibrary clerical workers and pages
_b Including student assistants
260 _aHamden
_bLinnet
_c1973
300 _av,86p, illus Bibliography
_ccm.
650 _aLIBRARY SCIENCE
942 _h2:8, L3 (2)
_cTEXL
_2CC
999 _c147473
_d147473